L'Església i el regionalisme i altres textos : (1887-1899) / Josep Torras i Bages ; edició a cura de Joan Lluís Pérez Francesch (1887-1899) / Josep Torras i Bages ; edició a cura de Joan Lluís Pérez Francesch
Descripción Física:
XLI, 157 p. ; 20 cm
Otros Autores:
Pérez Francesch, Joan Lluís, ed
MARC
| LEADER | 00000nam a2200000Ia 4500 | ||
|---|---|---|---|
| 001 | 1759 | ||
| 008 | 160829s1985 xx 000 0 cat d | ||
| 080 | |a M-2-234 | ||
| 100 | 1 | |a Torras i Bages, Josep, |d 1846-1916 |9 28980 | |
| 245 | |a L'Església i el regionalisme i altres textos : |b (1887-1899) / Josep Torras i Bages ; edició a cura de Joan Lluís Pérez Francesch | ||
| 260 | |a Barcelona : |b La Magrana : |b Diputació de Barcelona, |c 1985 | ||
| 300 | |a XLI, 157 p. ; |c 20 cm | ||
| 490 | |a Biblioteca dels clàssics del nacionalisme català ; 12 | ||
| 650 | |a Església Catòlica |x Catalunya |9 28981 | ||
| 650 | |a Església i Estat |x Catalunya |9 28982 | ||
| 650 | 0 | |a Nacionalisme |z Catalunya |9 11008 | |
| 700 | |a Pérez Francesch, Joan Lluís, ed. |9 28983 | ||
| 901 | |a Arxiu | ||
| 942 | |n 1 | ||
| 952 | |0 0 |1 0 |4 0 |6 M2234 |7 1 |9 44995 |a Arxiu |b Arxiu |d 2016-12-01 |l 0 |o M-2-234 |p 1759 |r 2016-12-01 00:00:00 |w 2016-12-01 |y ARXIU | ||
| 999 | |c 47599 |d 47599 | ||